000 00806nam a2200217Ia 4500
003 OSt
005 20251024154057.0
008 221004b |||||||| |||| 00| 0 hin d
020 _a8185999740 (hbk)
037 _cTB
040 _aCRL
_cCRL
_bhin
041 _2hin
_ahin
084 _aO152:gN J9;P4
_qCRL
100 _aवाजपेयी, नन्ददुलारे
_9818363
245 0 _aनया साहित्य नए प्रश्न/
246 _aNayā sāhitya nae prashna
260 _aदिल्ली:
_bस्वराज प्रकाशन भारत,
_c2004.
300 _a267पृ0
_ccm.
942 _hO152:gN J9;P4
_cTB
_2CC
_n0
999 _c1014332
_d1014332